<?xml version="1.0" encoding="UTF-8"?>
<record
    xmlns:xsi="http://www.w3.org/2001/XMLSchema-instance"
    xsi:schemaLocation="http://www.loc.gov/MARC21/slim http://www.loc.gov/standards/marcxml/schema/MARC21slim.xsd"
    xmlns="http://www.loc.gov/MARC21/slim">

  <leader>00684nam a22001937a 4500</leader>
  <controlfield tag="005">20100823131257.0</controlfield>
  <datafield tag="010" ind1=" " ind2=" ">
    <subfield code="a">ENG-101317</subfield>
  </datafield>
  <datafield tag="020" ind1=" " ind2=" ">
    <subfield code="a">9788178235318</subfield>
    <subfield code="c">60.00</subfield>
  </datafield>
  <datafield tag="035" ind1=" " ind2=" ">
    <subfield code="a">EN-84850</subfield>
  </datafield>
  <datafield tag="037" ind1=" " ind2=" ">
    <subfield code="b">DBAD/PUB</subfield>
  </datafield>
  <datafield tag="082" ind1=" " ind2=" ">
    <subfield code="a">181.45</subfield>
  </datafield>
  <datafield tag="245" ind1=" " ind2=" ">
    <subfield code="a">The wonder that is Sri Ramakrishna /</subfield>
    <subfield code="c">by Bhaskarananda</subfield>
  </datafield>
  <datafield tag="260" ind1=" " ind2=" ">
    <subfield code="a">Chennai</subfield>
    <subfield code="b">Sri Ramakrishna Math</subfield>
    <subfield code="c">2010</subfield>
  </datafield>
  <datafield tag="270" ind1=" " ind2=" ">
    <subfield code="a">Mylapore</subfield>
    <subfield code="b">Chennai</subfield>
    <subfield code="e">600004</subfield>
  </datafield>
  <datafield tag="300" ind1=" " ind2=" ">
    <subfield code="a">x,213p.</subfield>
    <subfield code="c">20cm (pbk)</subfield>
    <subfield code="e">b&amp;w photos</subfield>
  </datafield>
  <datafield tag="700" ind1=" " ind2=" ">
    <subfield code="a">Bhaskarananda</subfield>
    <subfield code="9">16266</subfield>
  </datafield>
  <datafield tag="942" ind1=" " ind2=" ">
    <subfield code="2">ddc</subfield>
    <subfield code="c">EN</subfield>
    <subfield code="h">181.45</subfield>
    <subfield code="m">WON</subfield>
  </datafield>
  <datafield tag="999" ind1=" " ind2=" ">
    <subfield code="c">42987</subfield>
    <subfield code="d">42987</subfield>
  </datafield>
  <datafield tag="952" ind1=" " ind2=" ">
    <subfield code="0">0</subfield>
    <subfield code="1">0</subfield>
    <subfield code="4">0</subfield>
    <subfield code="7">1</subfield>
    <subfield code="8">NFIC</subfield>
    <subfield code="a">DBAD</subfield>
    <subfield code="b">DBAD</subfield>
    <subfield code="d">2010-08-23</subfield>
    <subfield code="e">DBAD/PUB</subfield>
    <subfield code="g">60.00</subfield>
    <subfield code="l">0</subfield>
    <subfield code="o">181.45 WON</subfield>
    <subfield code="p">EN-84850</subfield>
    <subfield code="r">2010-08-23 00:00:00</subfield>
    <subfield code="t">1</subfield>
    <subfield code="v">60.00</subfield>
    <subfield code="y">EN</subfield>
  </datafield>
</record>
